Väkiluvultaan pienimmät valtiot A-Ö - Statistics

Yleistilastot
  • Tätä visaa on pelattu 1 162 kertaa
  • Keskiarvotulos 16 / 24
Vastaustilastot
Väkiluku Valtio % Oikein
V 1 000 Vatikaanivaltio
90%
A 80 000 Andorra
89%
Q 2 730 000 Qatar
84%
Z 16 900 000 Zimbabwe
80%
T 11 000 Tuvalu
78%
F 941 000 Fidži
75%
N 13 000 Nauru
75%
O 4 680 000 Oman
75%
M 36 000 Monaco
74%
S 34 000 San Marino
72%
L 40 000 Liechtenstein
71%
P 18 000 Palau
70%
H 10 700 000 Honduras
68%
D 73 000 Dominica
60%
I 377 000 Islanti
58%
K 135 000 Kiribati
57%
Y 9 560 000 Yhdistyneet arabiemiirikunnat
57%
E 3 790 000 Eritrea
55%
R 10 700 000 Ruotsi
53%
B 282 000 Barbados
52%
G 127 000 Grenada
50%
J 2 820 000 Jamaika
49%
U 3 420 000 Uruguay
48%
C 5 230 000 Costa Rica
44%
Ehtoja vastaavia visoja ei löytynyt
Tulosjakauma
Jokaisen tuloksen saaneiden osuus
Persentiili vastausten määrän mukaan
Tuloshistoriasi
Et ole pelannut tätä visaa